Catalog

Record Details

Catalog Search



Unifying Theories of Programming 4th International Symposium, UTP 2012, Paris, France, August 27-28, 2012, Revised Selected Papers  Cover Image E-book E-book

Unifying Theories of Programming [electronic resource] : 4th International Symposium, UTP 2012, Paris, France, August 27-28, 2012, Revised Selected Papers / edited by Burkhart Wolff, Marie-Claude Gaudel, Abderrahmane Feliachi.

Record details

  • ISBN: 9783642357053
  • Physical Description: VIII, 249 p. 4 illus. online resource.
  • Publisher: Berlin, Heidelberg : Springer Berlin Heidelberg : 2013.
Subject: Computer science.
Software engineering.
Logic design.
Computer Science.
Logics and Meanings of Programs.
Programming Languages, Compilers, Interpreters.
Software Engineering.
Mathematical Logic and Formal Languages.
Computation by Abstract Devices.

Electronic resources


LDR 02016nam a22005055i 4500
00132266
003CONS
00520130727074937.0
007cr nn 008mamaa
008130107s2013 gw | s |||| 0|eng d
020 . ‡a9783642357053 ‡9978-3-642-35705-3
0247 . ‡a10.1007/978-3-642-35705-3 ‡2doi
035 . ‡a(DE-He213)978-3-642-35705-3
050 4. ‡aQA76.9.L63
050 4. ‡aQA76.5913
050 4. ‡aQA76.63
072 7. ‡aUM ‡2bicssc
072 7. ‡aUYF ‡2bicssc
072 7. ‡aCOM051000 ‡2bisacsh
072 7. ‡aCOM036000 ‡2bisacsh
1001 . ‡aWolff, Burkhart. ‡eeditor.
24510. ‡aUnifying Theories of Programming ‡h[electronic resource] : ‡b4th International Symposium, UTP 2012, Paris, France, August 27-28, 2012, Revised Selected Papers / ‡cedited by Burkhart Wolff, Marie-Claude Gaudel, Abderrahmane Feliachi.
264 1. ‡aBerlin, Heidelberg : ‡bSpringer Berlin Heidelberg : ‡bImprint: Springer, ‡c2013.
300 . ‡aVIII, 249 p. 4 illus. ‡bonline resource.
336 . ‡atext ‡btxt ‡2rdacontent
337 . ‡acomputer ‡bc ‡2rdamedia
338 . ‡aonline resource ‡bcr ‡2rdacarrier
347 . ‡atext file ‡bPDF ‡2rda
4901 . ‡aLecture Notes in Computer Science, ‡x0302-9743 ; ‡v7681
650 0. ‡aComputer science.
650 0. ‡aSoftware engineering.
650 0. ‡aLogic design.
65014. ‡aComputer Science.
65024. ‡aLogics and Meanings of Programs.
65024. ‡aProgramming Languages, Compilers, Interpreters.
65024. ‡aSoftware Engineering.
65024. ‡aMathematical Logic and Formal Languages.
65024. ‡aComputation by Abstract Devices.
7001 . ‡aGaudel, Marie-Claude. ‡eeditor.
7001 . ‡aFeliachi, Abderrahmane. ‡eeditor.
7102 . ‡aSpringerLink (Online service)
7730 . ‡tSpringer eBooks
77608. ‡iPrinted edition: ‡z9783642357046
830 0. ‡aLecture Notes in Computer Science, ‡x0302-9743 ; ‡v7681
85640. ‡uhttp://biblioteca.ipicyt.edu.mx:2048/login?url=http://dx.doi.org/10.1007/978-3-642-35705-3 ‡yTexto completo ‡9CONS
950 . ‡aComputer Science (Springer-11645)
901 . ‡a32266 ‡b ‡c32266 ‡tbiblio ‡sSystem Local

Additional Resources